Nový pohled na regionální aspekty evropské integrace

Priority hospodárskej politiky, ktoré platia i pre regionálnu hospodársku politiku. Regionálna politika Európskej únie vychádza z prevažnej predstavy rovnovážneho vývoja priestorovej štruktúry. Komparatívne výhody krajín a regiónov. Rovnováha, centripetálne a centrifugálne sily. Priestorové aspekty...

Descrizione completa

Salvato in:
Dettagli Bibliografici
Autore principale: Adamčík, S.
Natura: Capitolo di libro
Lingua:ceco
Soggetti:
Tags: Aggiungi Tag
Nessun Tag, puoi essere il primo ad aggiungerne!!

MARC

LEADER 00000naa a2200000 4500
001 r018543
005 20221208131137.0
041 0 |a cze 
044 |a CZ 
245 1 0 |a Nový pohled na regionální aspekty evropské integrace  |c S. Adamčík 
520 |a Priority hospodárskej politiky, ktoré platia i pre regionálnu hospodársku politiku. Regionálna politika Európskej únie vychádza z prevažnej predstavy rovnovážneho vývoja priestorovej štruktúry. Komparatívne výhody krajín a regiónov. Rovnováha, centripetálne a centrifugálne sily. Priestorové aspekty európskej integrácie. Priestorový význam heterogénnych štruktúr. Podpora difúznych mechanizmov a technologickej infraštruktúry. 
610 2 0 |a integrácia ekonomická medzinárodná 
610 2 0 |a politika regionálna 
610 2 0 |a regionalizácia 
610 2 0 |a politika hospodárska 
610 2 0 |a regióny 
610 2 0 |a nerovnováha hospodárska 
610 2 0 |a infraštruktúra 
610 2 0 |a Európska únia 
610 2 0 |a usporiadanie ekonomiky priestorové 
100 1 |a Adamčík, S.